| 000 | 00644nam a2200205Ia 4500 | ||
|---|---|---|---|
| 008 | 150520s9999 xx 000 0 und d | ||
| 050 | _aRD130 | ||
| 050 | _b.So6 2015 | ||
| 100 | _aSo, Karina A. | ||
| 245 | _aAlternative methods for makeup prosthetics ; the production of a tri-epiode instructional video / | ||
| 245 | _cKarina A. So, and Maria Patricia Carmelita J. Gahutan. | ||
| 260 | _aLas PiƱas, Philippines : | ||
| 260 | _bSISC, | ||
| 260 | _c2015. | ||
| 300 | _a67 pages : | ||
| 300 | _bcolor illustrations ; | ||
| 300 | _c28 cm. | ||
| 500 | _aIncludes bibliographical references and appendices. | ||
| 650 | _aProsthesis | ||
| 999 |
_c284029 _d284029 |
||